Memoria sobre los medios empleados fraudulentamente para dar color á los vinos y especialmente del uso de la fuchsina (Record no. 158621)

MARC details
000 -LEADER
campo de control de longitud fija 00843nam a2200181 i 4500
001 - NÚMERO DE CONTROL
campo de control 158621
003 - IDENTIFICADOR DE NÚMERO DE CONTROL
campo de control ES-MaACL
005 - FECHA Y HORA DE LA ÚLTIMA TRANSACCIÓN
campo de control 20230906211237.0
008 - DATOS DE LONGITUD FIJA--INFORMACIÓN GENERAL
campo de control de longitud fija 040901s1877 sp |||| | spa d
040 ## - FUENTE DE CATALOGACIÓN
Centro catalogador/agencia de origen CAM
Lengua de catalogación spa
Centro/agencia transcriptor CAM
100 1# - ENTRADA PRINCIPAL--NOMBRE DE PERSONA
Nombre de persona Manjarrés y Bofarull, Ramón de.
9 (RLIN) 76031
245 10 - MENCIÓN DEL TÍTULO
Título Memoria sobre los medios empleados fraudulentamente para dar color á los vinos y especialmente del uso de la fuchsina
Resto del título : informe dado á la Junta Directiva del Instituto Agrícola Catalan de San Isidro /
Mención de responsabilidad, etc. por Ramon de Majarrés y Bofarull.
260 ## - PUBLICACIÓN, DISTRIBUCIÓN, ETC.
Lugar de publicación, distribución, etc. Barcelona :
Nombre del editor, distribuidor, etc. [s.n.],
Fecha de publicación, distribución, etc. 1877 (
Fabricante Imprenta Barcelonesa)
300 ## - DESCRIPCIÓN FÍSICA
Extensión 19 p. ;
Dimensiones 24 cm.
650 #4 - PUNTO DE ACCESO ADICIONAL DE MATERIA--TÉRMINO DE MATERIA
Término de materia o nombre geográfico como elemento de entrada Viticultura.
9 (RLIN) 136993
710 2# - ENTRADA AGREGADA--NOMBRE DE ENTIDAD CORPORATIVA
Nombre de entidad corporativa o nombre de jurisdicción como elemento de entrada Institut Agrícola Català de Sant Isidre.
9 (RLIN) 176166
852 ## - LOCALIZACIÓN
Ubicación ES-MaACL
Número de control de estantería T-670-F-2
Nota libre -- Enc. hol. conservando la cub. orignal
-- -- Enc. en un vol. facticio
Holdings
Estatus retirado Estado de pérdida Estado de daño No para préstamo Colección Biblioteca de origen Biblioteca actual Ubicación en estantería Fecha de adquisición Total de préstamos Signatura topográfica completa Código de barras Visto por última vez Precio de reemplazo Tipo de ítem Koha
        Colección de folletos Biblioteca del Ateneo de Madrid Biblioteca del Ateneo de Madrid Depósito folletos 17/01/2008   T-670-F-2 1166027 23/02/2023 23/02/2023 Folleto